Govt. of
Madhya Pradesh

The Positive Sciences of the Ancient Hindus (Record no. 5665)

MARC details
000 -LEADER
fixed length control field 003290000a22001450004500
003 - CONTROL NUMBER IDENTIFIER
control field MACL
040 ## - CATALOGING SOURCE
Original cataloging agency MACL
090 ## - LOCALLY ASSIGNED LC-TYPE CALL NUMBER (OCLC); LOCAL CALL NUMBER (RLIN)
-- 5708
-- 5707
100 ## - MAIN ENTRY--PERSONAL NAME
Personal name Seal, Brajendranath
245 ## - TITLE STATEMENT
Title The Positive Sciences of the Ancient Hindus
260 ## - PUBLICATION, DISTRIBUTION, ETC. (IMPRINT)
Name of publisher, distributor, etc. Motilal Banarsidas
Date of publication, distribution, etc. 1985
350 ## - PRICE (NR) (BK AM CF MU VM SE) [OBSOLETE]
Price 100
650 ## - SUBJECT ADDED ENTRY--TOPICAL TERM
Topical term or geographic name as entry element Science
942 ## - ADDED ENTRY ELEMENTS (KOHA)
Koha item type Library Membar
Call number prefix 500.018
Holdings
Withdrawn status Lost status Damaged status Not for loan Home library Current library Date acquired Total Checkouts Full call number Barcode Date last seen Uniform Resource Identifier Price effective from Koha item type
        MACL MACL 15/04/2015   500.018 BOOK CRE3377 29/04/2015 5613 15/04/2015 Books